Obkružovanie tajomstva : (K poetike mlčania v tvorbe M. Rúfusa)

Bibliographic Details
Main Author: Šabík, Vincent, 1937- (Author)
Format: Article
Language:Slovak

MARC

LEADER 00000nab a2200000 a 4500
001 vtls011102114
003 SK-MaSNL
005 20260303150041.0
008 230222|1998 xo |||||||||||||||||slo|
015 |a SNBRB 
035 |a (uuid)1c938a35-f240-4874-8df2-8a3d9b3bffc8 
035 |a (urnnbn)urn:nbn:sk:snk:ar-007ad8 
035 |a urn:nbn:sk:snk-ab98a3 
040 |a SNKBUCL  |b slo  |c SNKBUCL  |e AACR2 
041 0 |a slo 
044 |a xo  |c SK 
100 1 |a Šabík, Vincent,  |d 1937-  |4 aut  |9 101798 
245 1 0 |a Obkružovanie tajomstva :  |b (K poetike mlčania v tvorbe M. Rúfusa)  |c Vincent Šabík 
773 0 |t Studia Academica Slovaca : prednášky ... letnej školy slovenského jazyka a kultúry  |g Roč. 27, č. 27 (1998), s. 149-154 
954 |a odborná, vedecká literatúra pôvodná (slovenská)  |2 lita 
958 |a OND 
958 |a EUIPO 
958 |a article13 
999 |c 2007207  |d 2009137